00362nam a2200157Ia 4500008004100000041000800041100001200049245003000061260003700091300000800128365001300136500000700149520001900156650001000175999001900185230605s1999 xx 000 0 und d aeng aCreoles aExotic Desserts From cake bKonemann Pub Bonner c1999c1999 a215 b1196h20 a88 aReference Copy aF. P. c417970d417970